| 000 | 00877nam a2200169 i 4500 | ||
|---|---|---|---|
| 001 | 129032 | ||
| 003 | ES-MaACL | ||
| 007 | t| | ||
| 008 | 070604s1950 sp ||||1| spa d | ||
| 245 | 0 | 3 |
_aLa técnica de la estadística en la olicultura / _c[publicación al cuidado de Marcial Polo Díez]. |
| 260 |
_aMadrid : _bSindicato Vertical del Olivo, _c1950. |
||
| 300 |
_a89 p. ; _c24 cm. |
||
| 505 | 8 | _aContiene: Congreso Oleicultura Técnica.-- La Técnica Estadística en las operaciones comerciales de los productos del olivo por Gonzalo Arnáiz y Francisco Torras.-- Predicción y estimación de cosechas por muestreo por Enrique Cansado.-- La importancia del muestreo en la recolección agrícola y su aplicación a la aceituna por Francisco Azorín | |
| 700 | 1 |
_aPolo Díez, Marcial. _992877 |
|
| 710 | 2 |
_aSindicato Vertical del Olivo. _96618 |
|
| 852 |
_aES-MaACL _jE-3416 |
||
| 999 |
_c129032 _d129032 |
||